000 00516nam a2200181 a 4500
001 000034308
005 20200930073630.0
008 111003s2003 dr 000 0 spa d
020 _a846671748x
040 _aDO-SdBNP
_bspa
_cBNPHU
100 1 _aMartínez de Lezea, Toti
_d1944-
_959741
245 1 3 _aLa hija de la luna /
_cToti Martínez de Lezea.
260 _aMadrid :
_bAnaya,
_c2003.
300 _a139 p. ;
_c23 cm.
490 1 _aEspacio abierto
_v103
830 0 _aEspacio abierto
_v103
_921447
049 _aBNPD
999 _c33799
_d33799